00246nam a2200109Ia 4500100003200000654000600032245002700038260003500065082001600100300000800116546001200124 aKernighan/B.W/ Ritchie/D.M  aC aC programming language bprentice hallaNew Delhic1986 a1.6424bKER a228 aENGLISH